Электронная техника. Сер. 4 : Электровакуумные и газоразрядные приборы: научно-технический сборник

Sonraí bibleagrafaíochta
Teanga:Rúisis
Foilsithe / Cruthaithe: Москва, ЦНИИ Электроника, 1972-1992, 1994
Ábhair:
Formáid: Sraithuimhir
KOHA link:https://koha.lib.tpu.ru/cgi-bin/koha/opac-detail.pl?biblionumber=380241

MARC

LEADER 00000nas1a2200000 4500
001 380241
005 20231101062644.0
035 |a (RuTPU)RU\TPU\prd\1052 
035 |a BOOK00001053 
090 |a 380241 
100 |a 20011210d1965 k y0rusy50 ca 
101 0 |a rus 
102 |a RU 
110 |a agaz 0uu0 
200 1 |a Электронная техника. Сер. 4 : Электровакуумные и газоразрядные приборы  |e научно-технический сборник 
210 |a Москва  |c ЦНИИ Электроника  |d 1972-1992, 1994 
305 |a Издается с 1965 г. 
326 |a 6 номеров в год 
610 1 |a электронная промышленность 
610 1 |a газоразрядные приборы 
610 1 |a электровакуумные приборы 
610 1 |a электроника 
610 1 |a электронная техника 
610 1 |a фотоэлектрические приборы 
610 1 |a СВЧ 
675 |a 621.38  |v 3 
801 0 |a RU  |b 63413507  |c 20011210  |g PSBO 
801 2 |a RU  |b 63413507  |c 20180411  |g RCR 
942 |c CR